| 000 | 01188nam a2200325 c 4500 | ||
|---|---|---|---|
| 003 | BLK | ||
| 005 | 20240313134136.0 | ||
| 008 | 180411b bul|||||r ||||||| ||bul|| | ||
| 010 | _aKNG00179766000 | ||
| 020 | _a978-619-7120-06-6 | ||
| 040 | _aBLK | ||
| 041 |
_aBUL _cBUL |
||
| 080 |
_aБългарска литература _b821.163.2 _x93-31 _z821.163.2-93-31 |
||
| 100 |
_aШумналиев, Димитър Георгиев _d1947- _gФилолог, българска филология. Писател, журналист. _9294604 |
||
| 139 |
_aШумналиев, Димитър Георгиев _bШ 97 |
||
| 245 | 1 | 0 |
_aРоман в буркан _cДимитър Георгиев Шумналиев. |
| 257 | _aBGR | ||
| 260 |
_bSmart Books _c2014 _fСофия : Симолини _aСофия |
||
| 300 |
_a96 с. _bс ил. _c21 см |
||
| 380 | _aDX | ||
| 490 | _aБиблиотека Класика | ||
| 852 | _aЦб 275953 | ||
| 856 | 4 | _qpdf | |
| 856 | 4 | _qpdf | |
| 942 |
_cKNG _n0 _01 |
||
| 944 |
_aCR _c13.08.2015 _k30560 _lГеновева Генчева |
||
| 944 |
_aED _c20.07.2016 _kВиолета_Тройчева |
||
| 999 |
_c171494 _d171494 |
||
| 999 | _d171494 | ||
| 999 | _d171494 | ||